000 00705cam a2200229 a 4500
001 15936663
005 20180216082507.0
008 091008s2011 maua 001 0 eng
010 _a 2009040466
020 _a9780073527062 (hc : alk. paper)
020 _a0073527068
040 _aDLC
_cDLC
_dDLC
041 _aeng
080 _a657 dav
082 0 0 _a657
_222
100 1 _a62
101 _akon
245 1 0 _aAccounting :
_cDavid H. Marshall, Wayne W. McManus, Daniel F. Viele.
906 _a7
_bcbc
_corignew
_d1
_eecip
_f20
_gy-gencatlg
942 _2ddc
_cBK
999 _c42835
_d42835